| 000 | 02081nam a2200337 a 4500 | ||
|---|---|---|---|
| 001 | BRCA_3333 | ||
| 005 | 20190320204229.0 | ||
| 008 | 240309s1881----enk#---###---#000-0#eng-# | ||
| 041 | _aeng | ||
| 044 | _aenk | ||
| 084 |
_a627 _b.K44 _c1881 |
||
| 100 | 1 |
_aCervantes Saavedra, Miguel de _d1547-1616 _9213 |
|
| 245 | 1 | 0 |
_aThe Ingenious Knight Don Quixote de la Mancha _cComposed by Miguel de Cervantes Saavedra. Dedicated to the Duker de Béjar... |
| 260 |
_aLondres _bC. Kegan Paul and Co. _c1881 |
||
| 300 |
_a3 v. _c23 cm. |
||
| 500 | _aContenido : v.1. Primera parte. Vida de Cervantes, nota sobre esta y otras traducciones. Advertencia sobre las notas y comentarios, sobre las mujeres cervantinas, sobre los libros de caballería, sobre los nombres propios. Dedicatoria y prólogo de Cervantes. Notas sobre el título y el prólogo. Versos preliminares y notas a los mismos. Notas al fin de cada capítulo. -- v.2. Texto. Notas al fin de cada capítulo. Nota del traductor. Dedicatoria y prólogo del autor. Notas al prólogo y aprobación de la edición principe de Márquez Torres. Notas al fin de cada capítulo. -- v.3. Segunda parte. Notas al fin de cada capítulo. Poesía de G. Chauser | ||
| 500 | _aEdición : A New Translation from the Originals of 1605 and 1608 by Alexander James Duffield with some of the Notes of J. Bowle, J. A. Pellicer, D. Clemencín and Other Commentators | ||
| 500 | _aEjemplar por completo igual al anterior [626]. Tela Lúdovik Osterc | ||
| 500 | _aQM482 | ||
| 546 | _aTexto en : inglés | ||
| 650 | 1 | 4 |
_aNovela española _yÉpoca clásica, 1500-1700 _9215 |
| 650 | 1 | 4 |
_aLiteratura española _yÉpoca clásica, 1500-1700 _9216 |
| 650 | 1 | 4 |
_aNovela española _ySiglo XVII _9217 |
| 650 | 1 | 4 |
_aDon Quijote (Personaje ficticio) _eNovela _9218 |
| 700 | 1 |
_aDuffield, Alexander James _d1821-1890 _eTraductor _98807 |
|
| 700 | 1 |
_aBowle, John _d1725-1788 _eAnotador _98808 |
|
| 700 | 1 |
_aPellicer y Pilares, Juan Antonio _d1738-1806 _eAnotador _98809 |
|
| 740 | 0 | _aEl Ingenioso Hidalgo Don Quijote de la Mancha | |
| 902 | _aQFM | ||
| 942 |
_2lcc _cB |
||
| 999 |
_c3069 _d3069 |
||